| 000 | 01566cam a2200217 4500500 | ||
|---|---|---|---|
| 005 | 20260201050259.0 | ||
| 041 | _afre | ||
| 042 | _adc | ||
| 100 | 1 | 0 |
_aFerlampin-Acher, Christine _eauthor |
| 245 | 0 | 0 | _aFalse Debt, Bad Faith, and Conversion in Perlesvaus |
| 260 | _c2005. | ||
| 500 | _a86 | ||
| 520 | _a"L. Otis-Cour, Love Matches, Charity, and Society in Medieval "Couple Romances." Belying the stereotype of a medieval literature obsessed with adulterous love, the "couple romances" (or sentimental romances) of the late Middle Ages celebrate the happiness arising from love experienced within marriage. In this respect, they reflect canonical norms (perpetual monogamy, marriage by consent of the spouses) and contemporary developments in theology, medicine, and law. Conjugal love is presented in these romances as the equivalent of Christian charity ( caritas); the reciprocal affection of the couple is judged to be the best preparation for the government of society, and not an obstacle to the integration of the individual into society. Far from constituting an "escape literature," these romances hold a mirror to the changes in mentality and society taking place at the end of the Middle Ages." | ||
| 690 | _aintroduction of christianity | ||
| 690 | _amarvellous | ||
| 690 | _amedieval prose romances | ||
| 690 | _apaganism | ||
| 690 | _atranslatio | ||
| 786 | 0 | _nLe Moyen Age | Volume CXI | 2 | 2005-09-01 | p. 293-312 | 0027-2841 | |
| 856 | 4 | 1 | _uhttps://shs.cairn.info/journal-le-moyen-age-2005-2-page-293?lang=en&redirect-ssocas=7080 |
| 999 |
_c1639435 _d1639435 |
||